01569nam a2200277 a 4500001001000000005001700010008004100027041000800068044000700076084002200083100004500105245008700150260004800237300002200285500035400307500006800661500023000729500001000959546002500969650005200994650005601046650003401102650004501136700006001181740005001241BRCA_302220190320204055.0200109s1750----gw-a---###---#000-0#fre-u afre agw a338b.B3776c17501 aCervantes Saavedra, Miguel ded1547-161610aHistoire de L´Admirable Don Quichotte de la ManchecMiguel de Cervantes Saavedra. aFrancfortbJean-Francois Bassompierrec1750 a6 v.bil.c15 cm. aContenido : v 1. Primera parte. Advertencia del traductor. Dedicatoria a Don Quijote. Composición por el traductor dirigida al lector. Texto. -- v 2. Texto. -- v 3. Segunda parte. Texto. -- v 4. Texto. -- v 5. Primera parte de la continuación del Quijote por el traductor. -- v 6. Seguunda parte de la continuación del Quijote por el traductor aEdición : Nouvelle Edition Revueé Corrigeé et Augmentée aLa misma versión francesa un poco abreviada de Filleau de Saint-Martin con su disparatada continuación. Las ilustraciones mal hechas reproducen las conocidas de Coypel. Piel; lomeras adornadas con dorados Lúdovik Osterc aQM265 aTexto en : francés14aNovela españolayÉpoca clásica, 1500-170014aLiteratura españolayÉpoca clásica, 1500-170014aNovela españolaySiglo XVII14aDon Quijote (Personaje ficticio)eNovela1 aSaint-Martin, Francois Filleau ded1632-1695eTraductor0 aEl Ingenioso Hidalgo Don Quijote de la Mancha